| 000 | 01203nam0a22002891 4500 | ||
|---|---|---|---|
| 001 | rc\3045880 | ||
| 005 | 20250806202144.0 | ||
| 035 | _a(NLR Aleph) 007185648 | ||
| 090 |
_a44693 _c44693 |
||
| 100 | _a20111007d1945 u y0rusy50 ca | ||
| 101 | 0 | _arus | |
| 102 | _aRU | ||
| 105 | _aac z ||||| | ||
| 200 | 1 |
_aГероическая Одесса _e[Лит.-публицист. альманах , посвященный годовщине освобождения Одессы от немец.-румын. захватчиков] _f[Отв. ред. И.А. Сосновский] _g[Ил. Н. Густ, П. Злочевский, К. Ковтурман и др.] |
|
| 210 |
_aОдесса _cОбл. изд-во _d1945 _gОбл. тип. |
||
| 215 |
_a148 с., 6 л. ил., портр. _cил., портр. _d24 см |
||
| 702 | 1 |
_aСосновский _bИ.А. _4340 |
|
| 702 | 1 |
_aГуст _bН. _4440 |
|
| 702 | 1 |
_aЗлочевский _bП. _4440 |
|
| 702 | 1 |
_aКовтурман _bК. _4440 |
|
| 801 | 0 |
_aRU _bNLR _gpsbo |
|
| 801 | 1 |
_aRU _bELAR _2rusmarc |
|
| 852 |
_aNLR _bЛ _j30 Г-7/14 |
||
| 942 | _cBOOK | ||
| 945 | _aРоссийская национальная библиотека | ||
| 980 | _aNB | ||
| 980 | _aBV | ||